[Event "AUT-chT2M 1011"]
[Site "Austria"]
[Date "2011.03.11"]
[Round "6.4"]
[White "Sommer, Sonja"]
[Black "Novak, Pavel"]
[Result "0-1"]
[WhiteElo "2040"]
[BlackElo "2381"]
[PlyCount "62"]
[EventDate "2010.10.16"]
[EventType "team-tourn"]
[EventRounds "11"]
[EventCountry "AUT"]
[SourceTitle "EXT 2012"]
[Source "ChessBase"]
[SourceDate "2011.11.24"]
[SourceVersion "1"]
[SourceVersionDate "2011.11.24"]
[SourceQuality "1"]
[WhiteTeam "Maria Saal"]
[BlackTeam "Raika Feffernitz"]
[WhiteTeamCountry "AUT"]
[BlackTeamCountry "AUT"]

1. e4 c5 2. c3 g6 3. d4 cxd4 4. cxd4 d5 5. exd5 Nf6 6. Nc3 Bg7 7. Bc4 0-0 8. h3 Nbd7 9. Nf3 Nb6 10. Bb3 Nbxd5 11. 0-0 b6 12. Re1 Bb7 13. Qe2 e6 14. Ne5 Rc8 15. Bd2 a6 16. a3 Qd6 17. Na2 Rfd8 18. Rad1 Rc7 19. Bg5 Rdc8 20. Qd2 b5 21. Re2 Qb6 22. Rde1 Re8 23. Nc1 a5 24. Nf3 a4 25. Ba2 b4 26. axb4 Nxb4 27. Bb1 Bxf3 28. gxf3 Rd8 29. Qd1 Qa7 30. Rd2 Rcd7 31. Ne2 Qa5 0-1

[Event "AUT-ch (Women)"]
[Site "Leoben"]
[Date "2008.07.21"]
[Round "3"]
[White "Sommer, Sonja"]
[Black "Mira, Helene"]
[Result "1-0"]
[WhiteElo "2063"]
[BlackElo "2115"]
[PlyCount "75"]
[EventDate "2008.07.19"]
[EventType "swiss"]
[EventRounds "9"]
[EventCountry "AUT"]
[SourceTitle "CBM 125 Extra"]
[Source "ChessBase"]
[SourceDate "2008.09.01"]
[SourceVersion "1"]
[SourceVersionDate "2008.09.01"]
[SourceQuality "1"]

1. e4 e5 2. Nf3 Nc6 3. d4 exd4 4. Nxd4 Bc5 5. Nb3 Bb6 6. a4 a5 7. Nc3 Qf6 8. Qe2 Nge7 9. Nd5 Nxd5 10. exd5+ Ne7 11. h4 d6 12. Bg5 Qe5 13. Qxe5 dxe5 14. c4 f6 15. Bd2 Bd4 16. Nxd4 exd4 17. 0-0-0 c5 18. Bf4 Ng6 19. Bd6 b6 20. Bc7 Ra6 21. Bd3 Kd7 22. d6 Ne5 23. Bf5+ Kc6 24. Be4+ Kd7 25. Bd5 Ra7 26. Bxb6 Ra6 27. Bxc5 Kd8 28. Rxd4 Nd7 29. Ba3 Nb6 30. Bc6 Bd7 31. Bb5 Bxb5 32. axb5 Ra8 33. c5 Nd7 34. c6 Ne5 35. f4 Ng4 36. Re1 f5 37. Bc5 Nf6 38. Bb6+ 1-0

[Event "AUT-ch (Women)"]
[Site "Leoben"]
[Date "2008.07.20"]
[Round "2"]
[White "Exler, Veronika"]
[Black "Sommer, Sonja"]
[Result "1/2-1/2"]
[WhiteElo "2011"]
[BlackElo "2063"]
[PlyCount "58"]
[EventDate "2008.07.19"]
[EventType "swiss"]
[EventRounds "9"]
[EventCountry "AUT"]
[SourceTitle "CBM 125 Extra"]
[Source "ChessBase"]
[SourceDate "2008.09.01"]
[SourceVersion "1"]
[SourceVersionDate "2008.09.01"]
[SourceQuality "1"]

1. e4 e5 2. f4 d5 3. exd5 c6 4. Qe2 cxd5 5. fxe5 Nc6 6. Nf3 Bg4 7. Qf2 Bxf3 8. Qxf3 Nxe5 9. Bb5+ Nc6 10. 0-0 Nf6 11. Re1+ Be7 12. Bxc6+ bxc6 13. Qe3 Qb6 14. d4 0-0 15. Qd3 Bd6 16. Nd2 Rae8 17. Rxe8 Rxe8 18. Nf3 Ne4 19. c3 c5 20. b3 cxd4 21. Nxd4 Qc7 22. Bd2 Bxh2+ 23. Kf1 Ng3+ 24. Kf2 Ne4+ 25. Kf1 Nxd2+ 26. Qxd2 Qf4+ 27. Qxf4 Bxf4 28. Rd1 g6 29. Ne2 Be3 1/2-1/2

[Event "St Veit op"]
[Site "St Veit"]
[Date "2008.07.06"]
[Round "2"]
[White "Sommer, Sonja"]
[Black "Saringer, Hubert"]
[Result "1/2-1/2"]
[WhiteElo "2041"]
[BlackElo "1867"]
[PlyCount "328"]
[EventDate "2008.07.05"]
[EventType "swiss"]
[EventRounds "9"]
[EventCountry "AUT"]
[SourceTitle "CBM 125 Extra"]
[Source "ChessBase"]
[SourceDate "2008.09.01"]
[SourceVersion "1"]
[SourceVersionDate "2008.09.01"]
[SourceQuality "1"]

1. e4 d6 2. d4 Nf6 3. Nc3 g6 4. Bc4 Bg7 5. Qe2 c6 6. e5 dxe5 7. dxe5 Nd5 8. Bd2 a6 9. a4 Be6 10. f4 h5 11. Nf3 Qb6 12. 0-0-0 Qc7 13. Bxd5 cxd5 14. Qd3 Qc4 15. Be3 Nc6 16. b3 Qxd3 17. Rxd3 Rd8 18. Bb6 Rd7 19. Rhd1 Bh6 20. Ne2 Nb4 21. R3d2 0-0 22. Kb2 Rc8 23. c3 Nc6 24. h3 f6 25. exf6 exf6 26. Ne1 Kf7 27. Nc2 g5 28. g3 gxf4 29. Nxf4 Bxf4 30. gxf4 Bxh3 31. Rxd5 Rxd5 32. Rxd5 Bg4 33. Ne3 Ne7 34. Rd6 Rc6 35. Nc4 Nc8 36. Rxc6 bxc6 37. Bf2 Ke6 38. Na5 Kd5 39. Kc2 Ne7 40. Kd3 Bf5+ 41. Ke3 Bg4 42. Nb7 h4 43. c4+ Ke6 44. Nc5+ Kd6 45. Ne4+ Ke6 46. b4 Nf5+ 47. Kd3 h3 48. Bg1 Nh4 49. Ng3 Nf3 50. Bf2 h2 51. Nh1 Ng1 52. Ke3 Bf3 53. Ng3 Bg2 54. a5 Nh3 55. Be1 h1Q 56. Nxh1 Bxh1 57. Bc3 Kf5 58. Kd4 Nxf4 59. Kc5 Be4 60. b5 cxb5 61. cxb5 axb5 62. Kxb5 Ke6 63. Ka6 f5 64. Ka7 Nd5 65. Bd4 Kd7 66. Be5 Nb4 67. Bf4 Bd3 68. Bg3 Kc6 69. Be1 Na6 70. Bd2 Nc7 71. Bf4 Nb5+ 72. Kb8 Nd6 73. Bd2 Kb5 74. Kc7 Nc4 75. Bg5 Nxa5 76. Kd6 Nc4+ 77. Kd5 Be4+ 78. Kd4 Na3 79. Bf4 Nc2+ 80. Ke5 Kc4 81. Bc1 Kd3 82. Kf4 Ne1 83. Kg3 Kc2 84. Bh6 Kd1 85. Kf2 Nd3+ 86. Ke3 Ne5 87. Bg5 Ng4+ 88. Kf4 Ke2 89. Kg3 Ne5 90. Kf4 Nd3+ 91. Kg3 Bf3 92. Bh6 Bg4 93. Bg5 Nf2 94. Bh6 Ne4+ 95. Kf4 Kf2 96. Bg7 Ng3 97. Bd4+ Kg2 98. Ke3 Ne2 99. Be5 Ng3 100. Kf4 Nh5+ 101. Ke3 Bf3 102. Bd6 Be4 103. Be5 Ng3 104. Bd6 Nf1+ 105. Kf4 Nd2 106. Be5 Nf3 107. Bc7 Nd4 108. Bb8 Ne2+ 109. Ke3 Nc3 110. Kf4 Nd5+ 111. Kg5 Kf3 112. Be5 f4 113. Bxf4 Nxf4 114. Kf6 Nd5+ 115. Kg5 Kg3 116. Kh6 Kf4 117. Kg7 Ne3 118. Kg8 Ke5 119. Kh8 Nf1 120. Kg8 Kf6 121. Kh8 Ne3 122. Kg8 Nd5 123. Kh8 Nf4 124. Kg8 Bd5+ 125. Kh8 Ng6+ 126. Kh7 Bf7 127. Kh6 Bg8 128. Kh5 Ne5 129. Kh4 Bf7 130. Kg3 Kf5 131. Kf2 Ke4 132. Ke2 Bb3 133. Kd2 Kd4 134. Kc1 Nd3+ 135. Kb1 Kc3 136. Ka1 Bc2 137. Ka2 Nc5 138. Ka1 Nb3+ 139. Ka2 Bd3 140. Ka3 Bb1 141. Ka4 Nd4 142. Ka5 Ne6 143. Ka4 Nd4 144. Ka5 Bc2 145. Kb6 Bf5 146. Kc5 Be6 147. Kd6 Kc4 148. Ke5 Kc5 149. Ke4 Bd5+ 150. Ke5 Nc6+ 151. Kf4 Kd4 152. Kf5 Ne5 153. Kf4 Nf7 154. Kf5 Nd6+ 155. Kf4 Be4 156. Kg5 Ke5 157. Kh6 Ne8 158. Kg5 Bf5 159. Kh6 Kf6 160. Kh5 Be4 161. Kh6 Kf5 162. Kh5 Kf6 163. Kh6 Bf5 164. Kh5 Nd6 1/2-1/2

[Event "St Veit op"]
[Site "St Veit"]
[Date "2008.07.05"]
[Round "1"]
[White "Praznik, Anton"]
[Black "Sommer, Sonja"]
[Result "1-0"]
[WhiteElo "2266"]
[BlackElo "2041"]
[PlyCount "81"]
[EventDate "2008.07.05"]
[EventType "swiss"]
[EventRounds "9"]
[EventCountry "AUT"]
[SourceTitle "CBM 125 Extra"]
[Source "ChessBase"]
[SourceDate "2008.09.01"]
[SourceVersion "1"]
[SourceVersionDate "2008.09.01"]
[SourceQuality "1"]

1. e4 e5 2. Nf3 Nc6 3. Bb5 a6 4. Ba4 Nf6 5. Nc3 d6 6. d4 exd4 7. Nxd4 Bd7 8. Bxc6 bxc6 9. 0-0 Be7 10. Qf3 0-0 11. Re1 c5 12. Nde2 Ng4 13. Ng3 g6 14. Nd5 Bh4 15. Ne3 Ne5 16. Qe2 Bb5 17. c4 Bd7 18. Nd5 Re8 19. Bd2 Bxg3 20. hxg3 f5 21. exf5 Bxf5 22. Bc3 Bd3 23. Qd2 Bxc4 24. f4 Ng4 25. Rxe8+ Qxe8 26. Nxc7 Qf8 27. b3 Rc8 28. bxc4 Rxc7 29. Qd5+ Rf7 30. Re1 Qb8 31. Qg5 Qc8 32. Re7 Kf8 33. Re2 Qd7 34. Kf1 h5 35. Qxg6 d5 36. Qxh5 Rh7 37. Re8+ Qxe8 38. Qxh7 Ne3+ 39. Kg1 d4 40. Qh8+ Kf7 41. Qh5+ 1-0

[Event "Liechtenstein op 26th"]
[Site "Triesen"]
[Date "2008.04.27"]
[Round "3"]
[White "Mira, Helene"]
[Black "Sommer, Sonja"]
[Result "1/2-1/2"]
[WhiteElo "2147"]
[BlackElo "2041"]
[PlyCount "41"]
[EventDate "2008.04.25"]
[EventType "swiss"]
[EventRounds "9"]
[EventCountry "LIE"]
[SourceTitle "CBM 123 Extra"]
[Source "ChessBase"]
[SourceDate "2008.05.06"]
[SourceVersion "1"]
[SourceVersionDate "2008.05.06"]
[SourceQuality "1"]

1. Nf3 d5 2. d4 Nf6 3. c4 c6 4. e3 e6 5. Nc3 Nbd7 6. Bd3 dxc4 7. Bxc4 b5 8. Bd3 Bb7 9. 0-0 a6 10. e4 c5 11. d5 c4 12. dxe6 fxe6 13. Bc2 Qc7 14. e5 Nxe5 15. Nxe5 Qxe5 16. Re1 Qc7 17. Bg5 Be7 18. Bxf6 Bxf6 19. Nd5 Bxd5 20. Qxd5 0-0 21. Qxe6+ 1/2-1/2

[Event "AUT-ch (Women)"]
[Site "Tweng"]
[Date "2007.08.??"]
[Round "5"]
[White "Exler, Veronika"]
[Black "Sommer, Sonja"]
[Result "0-1"]
[WhiteElo "2005"]
[BlackElo "1990"]
[PlyCount "76"]
[EventDate "2007.08.??"]
[EventType "swiss"]
[EventRounds "9"]
[EventCountry "AUT"]
[SourceTitle "CBM 119 Extra"]
[Source "ChessBase"]
[SourceDate "2007.09.04"]
[SourceVersion "1"]
[SourceVersionDate "2007.09.04"]
[SourceQuality "1"]

1. e4 e5 2. Nf3 Nc6 3. Bb5 a6 4. Bxc6 dxc6 5. 0-0 Qf6 6. d3 Ne7 7. Nbd2 Ng6 8. Nc4 h6 9. Be3 Bg4 10. h3 Be6 11. Ncd2 Nf4 12. Kh1 c5 13. Nh2 g5 14. Ndf3 Bd6 15. c3 Qg7 16. Bxf4 exf4 17. d4 0-0-0 18. d5 Bd7 19. Re1 f6 20. Rb1 h5 21. b4 g4 22. Ng1 Rdg8 23. h4 cxb4 24. cxb4 f5 25. b5 Bxb5 26. a4 Bd7 27. Qb3 b6 28. Rec1 Kb7 29. Rc2 fxe4 30. Rcb2 a5 31. Qc4 Qf6 32. Rc2 g3 33. fxg3 fxg3 34. Nhf3 exf3 35. Nxf3 Rg4 36. Qc3 Qxc3 37. Rxc3 Re8 38. Kg1 Rxa4 0-1

[Event "AUT-ch (Women)"]
[Site "Tweng"]
[Date "2007.08.??"]
[Round "3"]
[White "Kopinits, Silvia"]
[Black "Sommer, Sonja"]
[Result "0-1"]
[WhiteElo "1755"]
[BlackElo "1990"]
[PlyCount "50"]
[EventDate "2007.08.??"]
[EventType "swiss"]
[EventRounds "9"]
[EventCountry "AUT"]
[SourceTitle "CBM 119 Extra"]
[Source "ChessBase"]
[SourceDate "2007.09.04"]
[SourceVersion "1"]
[SourceVersionDate "2007.09.04"]
[SourceQuality "1"]

1. d4 d5 2. Bf4 Nf6 3. Nf3 c5 4. c3 Nc6 5. h3 Qb6 6. Qb3 Qxb3 7. axb3 cxd4 8. cxd4 Bf5 9. Na3 e6 10. Bd2 Be7 11. e3 0-0 12. g4 Be4 13. Be2 Nd7 14. 0-0 a6 15. Rfc1 f5 16. Ne1 fxg4 17. hxg4 Rac8 18. Bd3 Bh4 19. Bxe4 dxe4 20. Ng2 Bxf2+ 21. Kh2 Rf3 22. Nc4 Rcf8 23. Nd6 Bg3+ 24. Kg1 Bxd6 25. Rf1 Bh2+ 0-1

[Event "AUT-ch (Women)"]
[Site "Tweng"]
[Date "2007.08.??"]
[Round "9"]
[White "Sommer, Sonja"]
[Black "Novkovic, Julia"]
[Result "1/2-1/2"]
[WhiteElo "1990"]
[BlackElo "2144"]
[PlyCount "163"]
[EventDate "2007.08.??"]
[EventType "swiss"]
[EventRounds "9"]
[EventCountry "AUT"]
[SourceTitle "CBM 119 Extra"]
[Source "ChessBase"]
[SourceDate "2007.09.04"]
[SourceVersion "1"]
[SourceVersionDate "2007.09.04"]
[SourceQuality "1"]

1. e4 c5 2. c3 d5 3. exd5 Qxd5 4. d4 e6 5. Nf3 Nf6 6. Na3 Qd8 7. Nc2 Be7 8. Bd3 Nbd7 9. Qe2 0-0 10. 0-0 b6 11. Ne5 Bb7 12. Re1 cxd4 13. cxd4 Nd5 14. a3 Rc8 15. f4 g6 16. Bd2 Bf6 17. Rf1 Bg7 18. Ne1 Ne7 19. N1f3 Nc6 20. Bc3 Ndxe5 21. dxe5 Rc7 22. Ng5 Nd4 23. Bxd4 Qxd4+ 24. Kh1 Rfc8 25. Rad1 Qa4 26. Ne4 Bxe4 27. Bxe4 Rc4 28. Rfe1 Bf8 29. g3 h5 30. h4 Be7 31. Kh2 Kg7 32. Qf3 Qb5 33. Rd2 Rd4 34. Red1 Rxd2+ 35. Rxd2 Rc1 36. Kg2 Bc5 37. Bd3 Qb3 38. Qe2 Rg1+ 39. Kh2 Rc1 40. Qe4 Rd1 41. Rxd1 Qxd1 42. Qe2 Qg1+ 43. Kh3 a5 44. a4 Qh1+ 45. Qh2 Qd1 46. Qc2 Qh1+ 47. Qh2 Qa1 48. b3 Be3 49. Bc4 Qc3 50. Kg2 Qc2+ 51. Kh1 Qd1+ 52. Kg2 Qe1 53. Kh3 Qd1 54. Qe2 Qh1+ 55. Qh2 Qe4 56. Qg2 Qf5+ 57. Kh2 Bd4 58. Qe2 Qb1 59. Qf1 Qb2+ 60. Qe2 Qc1 61. Qf1 Qe3 62. Qg2 Qc3 63. Qe2 Be3 64. Qg2 Qc1 65. Qf1 Qd2+ 66. Qg2 Qe1 67. Qf1 Qd2+ 68. Qg2 Qd1 69. Qf1 Qc2+ 70. Qg2 Qf5 71. Qe2 Qe4 72. Qg2 Qd4 73. Qf1 Qc5 74. Qg2 Bd4 75. Qf1 Bc3 76. Qe2 Qd4 77. Qg2 Bb4 78. Qf1 Bc5 79. Qg2 Qe3 80. Qf1 Bd4 81. Qg2 Kh6 82. Qf1 1/2-1/2

[Event "AUT-ch (Women)"]
[Site "Koeflach"]
[Date "2006.09.09"]
[Round "8"]
[White "Horvath, Maria"]
[Black "Sommer, Sonja"]
[Result "1/2-1/2"]
[WhiteElo "2023"]
[BlackElo "2004"]
[PlyCount "185"]
[EventDate "2006.09.02"]
[EventType "tourn"]
[EventRounds "9"]
[EventCountry "AUT"]
[SourceTitle "CBM 114 Extra"]
[Source "ChessBase"]
[SourceDate "2006.11.03"]
[SourceVersion "1"]
[SourceVersionDate "2006.11.03"]
[SourceQuality "1"]

1. d4 d5 2. Nf3 Nf6 3. c4 dxc4 4. e3 e6 5. Bxc4 c5 6. 0-0 a6 7. dxc5 Qxd1 8. Rxd1 Bxc5 9. b3 Nc6 10. Bb2 b5 11. Be2 Bb7 12. Nc3 0-0 13. h3 Rfd8 14. Rxd8+ Rxd8 15. Rd1 Rxd1+ 16. Bxd1 Nb4 17. Ne1 Nfd5 18. Nxd5 Bxd5 19. a3 Nc6 20. Nd3 Bd6 21. b4 f6 22. f4 a5 23. Bc3 Bc4 24. Nc5 Bxc5 25. bxc5 b4 26. axb4 axb4 27. Bb2 b3 28. Bf3 Nb4 29. Be4 f5 30. Bb1 Kf7 31. Bc3 Nd5 32. Bd4 Ke8 33. Kf2 Kd7 34. Bxg7 Kc6 35. Bd4 Nb4 36. Ke1 Bd3 37. Bxd3 Nxd3+ 38. Kd2 Nxc5 39. Kc3 Ne4+ 40. Kxb3 Kd5 41. Kc2 Kc4 42. Be5 h5 43. Bd4 Kd5 44. Kd3 Nd6 45. Be5 Ne4 46. Ke2 Kc4 47. Bd4 Nd6 48. Kf3 Ne4 49. g4 hxg4+ 50. hxg4 Kd5 51. g5 Kd6 52. Ke2 Ke7 53. Kd3 Kf7 54. Kc4 Nd2+ 55. Kc5 Nf3 56. Kd6 Nh4 57. Kc5 Ng6 58. Bf6 Nh4 59. Kd4 Ng6 60. Bd8 Nh4 61. Ba5 Ng6 62. Be1 Ke7 63. Bg3 Kf7 64. e4 fxe4 65. Kxe4 Ne7 66. Ke5 Ng6+ 67. Ke4 Ne7 68. Be1 Ng6 69. Kf3 Ne7 70. Bb4 Nf5 71. Bc5 Kg6 72. Ke4 Kf7 73. Ke5 Nh4 74. Kd6 Nf5+ 75. Kd7 Nh4 76. Kd6 Nf5+ 77. Ke5 Nh4 78. Bf2 Ng6+ 79. Ke4 Ne7 80. Bd4 Ng6 81. Kf3 Ne7 82. Bf6 Nf5 83. Ke4 Nh4 84. Ke5 Ng6+ 85. Ke4 Nh4 86. Bd4 Ng6 87. f5 exf5+ 88. Kxf5 Ne7+ 89. Kf4 Kg6 90. Bf6 Nf5 91. Kg4 Nd6 92. Kf4 Nf7 93. Ke4 1/2-1/2

[Event "AUT-ch (Women)"]
[Site "Koeflach"]
[Date "2006.09.04"]
[Round "3"]
[White "Sommer, Sonja"]
[Black "Mira, Helene"]
[Result "0-1"]
[WhiteElo "2004"]
[BlackElo "2142"]
[PlyCount "112"]
[EventDate "2006.09.02"]
[EventType "tourn"]
[EventRounds "9"]
[EventCountry "AUT"]
[SourceTitle "CBM 114 Extra"]
[Source "ChessBase"]
[SourceDate "2006.11.03"]
[SourceVersion "1"]
[SourceVersionDate "2006.11.03"]
[SourceQuality "1"]

1. e4 e5 2. Nf3 d6 3. d4 exd4 4. Nxd4 Nf6 5. Nc3 Be7 6. Bd3 0-0 7. 0-0 c5 8. Nde2 Nc6 9. Nf4 Ne5 10. Be2 a6 11. a4 b6 12. Nfd5 Nxd5 13. Nxd5 Bb7 14. f4 Nd7 15. Bc4 Nf6 16. Qd3 Bxd5 17. exd5 b5 18. Ba2 c4 19. Qf3 Qc8 20. Be3 Qf5 21. Rad1 Qxc2 22. Bd4 Qf5 23. Bb1 Qh5 24. Qg3 Qg4 25. Qf2 Nd7 26. Qc2 f5 27. Rf3 Bh4 28. Qc3 Bf6 29. Bc2 Bxd4+ 30. Qxd4 Nf6 31. Rg3 Qe2 32. Bxf5 Rae8 33. Be6+ Kh8 34. Re3 Qc2 35. axb5 axb5 36. h3 Qg6 37. f5 Qh6 38. Rde1 Rb8 39. Qa7 Qf4 40. g3 Qg5 41. Qc7 Rfd8 42. Qa7 h5 43. Qd4 Ra8 44. Kf2 Rdb8 45. Kf3 Ng8 46. h4 Qf6 47. Qxf6 Nxf6 48. Bf7 Rc8 49. Kf4 b4 50. Kg5 c3 51. bxc3 bxc3 52. Kg6 Rc4 53. Re8+ Nxe8 54. Bxe8 c2 55. Re7 c1Q 56. Rxg7 Rg4+ 0-1

[Event "Olympiad Women-37"]
[Site "Turin"]
[Date "2006.05.21"]
[Round "1"]
[White "Sommer, Sonja"]
[Black "Vajda, Szidonia"]
[Result "0-1"]
[WhiteElo "2047"]
[BlackElo "2403"]
[PlyCount "72"]
[EventDate "2006.05.21"]
[EventType "team-swiss"]
[EventRounds "13"]
[EventCountry "ITA"]
[SourceTitle "CBM 112 Extra"]
[Source "ChessBase"]
[SourceDate "2006.07.14"]
[SourceVersion "1"]
[SourceVersionDate "2006.07.14"]
[SourceQuality "1"]
[WhiteTeam "Austria (W)"]
[BlackTeam "Hungary (W)"]
[WhiteTeamCountry "AUT"]
[BlackTeamCountry "HUN"]

1. e4 c5 2. c3 Nf6 3. e5 Nd5 4. d4 cxd4 5. Nf3 e6 6. cxd4 d6 7. a3 Bd7 8. Bd3 Bc6 9. 0-0 Be7 10. Qe2 Nd7 11. b4 a6 12. Bxa6 dxe5 13. dxe5 bxa6 14. Bd2 Rc8 15. Rc1 Qb6 16. Nc3 Nxc3 17. Rxc3 h6 18. Rac1 0-0 19. Be3 Rfd8 20. Rxc6 Rxc6 21. Qxa6 Qb5 22. Qa7 Bf6 23. h3 Qd5 24. Qc7 Nc5 25. Rxc5 Qd1+ 26. Kh2 Qd6 27. Rc4 Qc5 28. Bxc5 Rd3 29. Be7 Rd7 30. Bc5 Rdd6 31. Bb6 Rd4 32. Rxc6 Rxb4 33. g3 h5 34. Rc2 Rb2 35. Kg2 Kh7 36. g4 Be7 0-1

[Event "EU-ch (Women) 7th"]
[Site "Kusadasi"]
[Date "2006.04.15"]
[Round "11"]
[White "Sommer, Sonja"]
[Black "Bulmaga, Irina"]
[Result "1-0"]
[WhiteElo "2047"]
[BlackElo "2088"]
[PlyCount "79"]
[EventDate "2006.04.04"]
[EventType "swiss"]
[EventRounds "11"]
[EventCountry "TUR"]
[SourceTitle "CBM 111 Extra"]
[Source "ChessBase"]
[SourceDate "2006.05.09"]
[SourceVersion "1"]
[SourceVersionDate "2006.05.09"]
[SourceQuality "1"]

1. e4 c5 2. Nf3 e6 3. Nc3 a6 4. d4 cxd4 5. Nxd4 Qc7 6. Bd3 Nf6 7. 0-0 d6 8. Qe2 Nbd7 9. f4 Be7 10. Nb3 b5 11. Kh1 Bb7 12. a4 b4 13. Na2 d5 14. e5 Ne4 15. Be3 h5 16. Bxe4 dxe4 17. a5 Bd5 18. Nd2 Qxc2 19. Rfc1 Qd3 20. Qf2 h4 21. h3 g6 22. b3 0-0 23. Nc4 Rac8 24. Nd6 Rxc1+ 25. Nxc1 Qd1+ 26. Kh2 Bxb3 27. Rb1 Bxd6 28. exd6 Rc8 29. Rxb3 Rxc1 30. Bxc1 Qxb3 31. Qxh4 Qc3 32. Qd8+ Nf8 33. Qc7 Qd3 34. Bb2 Qd2 35. Be5 e3 36. Qe7 e2 37. Qf6 Qxf4+ 38. Qxf4 e1Q 39. Qf6 Qxe5+ 40. Qxe5 1-0

[Event "EU-ch (Women) 7th"]
[Site "Kusadasi"]
[Date "2006.04.07"]
[Round "4"]
[White "Ozturk Orenli, Kubra"]
[Black "Sommer, Sonja"]
[Result "1-0"]
[WhiteElo "2034"]
[BlackElo "2047"]
[PlyCount "63"]
[EventDate "2006.04.04"]
[EventType "swiss"]
[EventRounds "11"]
[EventCountry "TUR"]
[SourceTitle "CBM 111 Extra"]
[Source "ChessBase"]
[SourceDate "2006.05.09"]
[SourceVersion "1"]
[SourceVersionDate "2006.05.09"]
[SourceQuality "1"]

1. c4 e5 2. Nc3 Nc6 3. g3 g6 4. Bg2 Bg7 5. e3 Nge7 6. Nge2 d6 7. d3 Be6 8. Nd5 Qd7 9. Rb1 Nd8 10. b4 Nxd5 11. cxd5 Bh3 12. 0-0 h5 13. Nc3 h4 14. Bxh3 Qxh3 15. Qf3 hxg3 16. Qxg3 Qh5 17. Qg2 f5 18. Bb2 Nf7 19. f4 0-0-0 20. Ne2 Rh7 21. Ng3 Qh4 22. Rbc1 Rdh8 23. Rf2 Nh6 24. Rfc2 Bf6 25. fxe5 Bxe5 26. Bxe5 dxe5 27. d6 Ng4 28. Rxc7+ Rxc7 29. Rxc7+ Kd8 30. Nf1 Qe1 31. h3 Nxe3 32. Qg5+ 1-0

[Event "EU-ch (Women) 7th"]
[Site "Kusadasi"]
[Date "2006.04.06"]
[Round "3"]
[White "Umudova, Nargiz"]
[Black "Sommer, Sonja"]
[Result "1-0"]
[WhiteElo "2145"]
[BlackElo "2047"]
[PlyCount "103"]
[EventDate "2006.04.04"]
[EventType "swiss"]
[EventRounds "11"]
[EventCountry "TUR"]
[SourceTitle "CBM 111 Extra"]
[Source "ChessBase"]
[SourceDate "2006.05.09"]
[SourceVersion "1"]
[SourceVersionDate "2006.05.09"]
[SourceQuality "1"]

1. e4 e5 2. Nf3 Nc6 3. Bb5 Nge7 4. 0-0 g6 5. c3 a6 6. Ba4 Bg7 7. d4 exd4 8. cxd4 b5 9. Bc2 d6 10. h3 0-0 11. a4 Bb7 12. Nc3 b4 13. Ne2 Na5 14. Bg5 h6 15. Bf4 b3 16. Bd3 c5 17. Qd2 c4 18. Bb1 f5 19. Nc3 Kh7 20. Bh2 Qb6 21. h4 Kh8 22. Bf4 Kh7 23. Be3 fxe4 24. Nxe4 d5 25. Nc3 Bc8 26. h5 Bf5 27. hxg6+ Bxg6 28. Ne5 Bxb1 29. Nd7 Qg6 30. Nxf8+ Rxf8 31. Raxb1 Nf5 32. Ne2 Nh4 33. Ng3 Nb7 34. Bf4 Nd8 35. Be5 Ne6 36. Rbe1 Ng5 37. Qe3 Ne4 38. Bxg7 Qxg7 39. Kh2 Nf5 40. Nxf5 Rxf5 41. g3 Qg4 42. Kg2 Ng5 43. Rh1 Rf3 44. Qe5 Rf5 45. Rxh6+ Kxh6 46. Qh8+ Kg6 47. Qg8+ Kh5 48. Rh1+ Nh3 49. Rxh3+ Qxh3+ 50. Kxh3 Rxf2 51. Qh7+ Kg5 52. Qg7+ 1-0

[Event "AUT-ch (Women)"]
[Site "Gmunden"]
[Date "2005.08.12"]
[Round "2"]
[White "Sommer, Sonja"]
[Black "Hapala, Michaela"]
[Result "1-0"]
[WhiteElo "2053"]
[BlackElo "1947"]
[PlyCount "87"]
[EventDate "2005.08.11"]
[EventType "tourn"]
[EventRounds "11"]
[EventCountry "AUT"]
[SourceTitle "CBM 107 Extra"]
[Source "ChessBase"]
[SourceDate "2005.09.01"]
[SourceVersion "1"]
[SourceVersionDate "2005.09.01"]
[SourceQuality "1"]

1. e4 c5 2. c3 d5 3. exd5 Qxd5 4. d4 Nc6 5. Nf3 Bg4 6. Be2 0-0-0 7. Be3 cxd4 8. cxd4 e5 9. Nc3 Bb4 10. 0-0 Bxc3 11. bxc3 exd4 12. cxd4 Kb8 13. Qa4 Nge7 14. Rab1 Qa5 15. Qb3 Rd7 16. Rfc1 Be6 17. Qb5 Qxa2 18. Rc5 a6 19. Qd3 Bf5 20. Rxf5 Nxf5 21. Qxf5 Rhd8 22. Qd3 a5 23. h3 Nb4 24. Qd1 f6 25. Ra1 Qd5 26. Qa4 b6 27. Nd2 Rc8 28. Bf4+ Rdc7 29. Nf3 Kb7 30. Bxc7 Rxc7 31. Qd1 g5 32. Rc1 Rd7 33. Bc4 Qd6 34. Qe1 Re7 35. Qd2 h5 36. Re1 Rxe1+ 37. Qxe1 g4 38. hxg4 Nc6 39. gxh5 f5 40. Qe6 Qf4 41. Qd7+ Qc7 42. Qxc7+ Kxc7 43. h6 Ne7 44. Bf7 1-0

[Event "EU-chT (Women) 15th"]
[Site "Gothenburg"]
[Date "2005.08.07"]
[Round "9"]
[White "Sommer, Sonja"]
[Black "Cinar, Nilufer"]
[Result "1/2-1/2"]
[WhiteElo "2053"]
[BlackElo "2038"]
[PlyCount "49"]
[EventDate "2005.07.30"]
[EventType "team-swiss"]
[EventRounds "9"]
[EventCountry "SWE"]
[SourceTitle "CBM 107 Extra"]
[Source "ChessBase"]
[SourceDate "2005.09.01"]
[SourceVersion "1"]
[SourceVersionDate "2005.09.01"]
[SourceQuality "1"]
[WhiteTeam "Austria (W)"]
[BlackTeam "Turkey (W)"]
[WhiteTeamCountry "AUT"]
[BlackTeamCountry "TUR"]

1. e4 c5 2. c3 Nf6 3. e5 Nd5 4. Nf3 Nc6 5. d4 cxd4 6. Bc4 Nb6 7. Bb3 d5 8. exd6 Qxd6 9. 0-0 Be6 10. Na3 Bxb3 11. Qxb3 e6 12. Nb5 Qd8 13. Nbxd4 Nxd4 14. Nxd4 Be7 15. Rd1 Qd5 16. Nb5 Qc6 17. Bf4 0-0 18. Re1 Nd5 19. Bg3 Rfd8 20. Rad1 Bc5 21. Nd4 Qa6 22. Nf3 Rac8 23. a3 h6 24. Ne5 b5 25. Qc2 1/2-1/2

[Event "EU-chT (Women) 15th"]
[Site "Gothenburg"]
[Date "2005.08.04"]
[Round "6"]
[White "Agrest, Inna"]
[Black "Sommer, Sonja"]
[Result "1-0"]
[WhiteElo "1984"]
[BlackElo "2053"]
[PlyCount "49"]
[EventDate "2005.07.30"]
[EventType "team-swiss"]
[EventRounds "9"]
[EventCountry "SWE"]
[SourceTitle "CBM 107 Extra"]
[Source "ChessBase"]
[SourceDate "2005.09.01"]
[SourceVersion "1"]
[SourceVersionDate "2005.09.01"]
[SourceQuality "1"]
[WhiteTeam "Sweden (W) II"]
[BlackTeam "Austria (W)"]
[WhiteTeamCountry "SWE"]
[BlackTeamCountry "AUT"]

1. e4 e5 2. Nf3 Nc6 3. d4 exd4 4. Bc4 Nf6 5. e5 Ne4 6. 0-0 d5 7. Bb5 Bd7 8. Bxc6 bxc6 9. Nxd4 Bc5 10. f3 Ng5 11. f4 Ne4 12. Be3 Qe7 13. Nd2 Nxd2 14. Qxd2 0-0 15. Rae1 Bb6 16. c3 c5 17. Nb3 Rad8 18. f5 Qxe5 19. Bg5 Qd6 20. Bxd8 Rxd8 21. f6 c4+ 22. Nd4 c5 23. Nf5 Bxf5 24. Rxf5 g6 25. Re7 1-0

[Event "EU-chT (Women) 15th"]
[Site "Gothenburg"]
[Date "2005.08.01"]
[Round "3"]
[White "Sommer, Sonja"]
[Black "Kaps, Darja"]
[Result "0-1"]
[WhiteElo "2053"]
[BlackElo "2319"]
[PlyCount "72"]
[EventDate "2005.07.30"]
[EventType "team-swiss"]
[EventRounds "9"]
[EventCountry "SWE"]
[SourceTitle "CBM 107 Extra"]
[Source "ChessBase"]
[SourceDate "2005.09.01"]
[SourceVersion "1"]
[SourceVersionDate "2005.09.01"]
[SourceQuality "1"]
[WhiteTeam "Austria (W)"]
[BlackTeam "Slovenia (W)"]
[WhiteTeamCountry "AUT"]
[BlackTeamCountry "SLO"]

1. e4 c5 2. c3 Nf6 3. e5 Nd5 4. Nf3 Nc6 5. d4 cxd4 6. Bc4 Nb6 7. Bb3 d6 8. exd6 Qxd6 9. 0-0 d3 10. Na3 Bf5 11. Nb5 Qd7 12. Nbd4 f6 13. Nxf5 Qxf5 14. Nh4 Qd7 15. Qh5+ Kd8 16. Ng6 hxg6 17. Qxh8 Kc7 18. Be3 e5 19. Qh7 Nd5 20. Bxd5 Qxd5 21. Qxg6 Ne7 22. Qh7 Rd8 23. f3 Kb8 24. Qe4 f5 25. Qxd5 Nxd5 26. Bf2 e4 27. fxe4 fxe4 28. c4 Nb4 29. Rad1 Nc2 30. Rfe1 Nxe1 31. Rxe1 Bb4 32. Rd1 Rc8 33. b3 Kc7 34. Be3 Rf8 35. g4 Rf3 36. Bxa7 b6 0-1